Maât : l'Egypte pharaonique et l'idée de justice sociale

محفوظ في:

المؤلف الرئيسي: Zakīyaẗ Ṭabūzādaẗ.,.

مؤلفون آخرون: أسمان، يان, شريف، علية.

التنسيق: كتاب

اللغة: Undetermined

منشور في: Cairo : Dar Alfikr, 1996.

الوسوم: إضافة وسم

لا توجد وسوم, كن أول من يضع وسما على هذه التسجيلة!

رقم الطلب: DT61 .A8712

LEADER 00471nam a2200145Ia 4500
008 240329s9999||||xx |||||||||||||| ||und||
020 |a 9789775091246  
050 4 |a DT61 .A8712 
100 1 |a Zakīyaẗ Ṭabūzādaẗ.,. 
245 1 0 |a Maât : l'Egypte pharaonique et l'idée de justice sociale  |c Zakīyaẗ Ṭabūzādaẗ., 
264 1 |a Cairo :  |b Dar Alfikr,  |c 1996. 
300 |a 145  |c 19 CM 
700 1 |a أسمان، يان, شريف، علية. 
942 |2 lcc  |c BK 
999 |c 57690  |d 57690